000 00609nam a22002057a 4500
999 _c7714
_d7714
003 OSt
005 20220221102750.0
008 220221b ||||| |||| 00| 0 eng d
020 _a0521408687
040 _cDDC
082 _a523.74 GRA 1992
100 _aGray, David F.
_915754
245 _aThe observation and analysis of stellar photospheres
250 _a2nd ed.
260 _a New York :
_b Cambridge University Press;
_c1992.
300 _axvii, 452 p. :
_b ill. ;
_c26 cm.
504 _aIncludes bibliographical references and index.
650 _aStellar photospheres.
_915755
942 _2ddc
_cBOOK